Sport and exercise physiology testing guidelines : (Record no. 52533)

MARC details
000 -LEADER
fixed length control field 00775nam a2200265Ia 4500
005 - DATE AND TIME OF LATEST TRANSACTION
control field 20260429112132.0
008 - FIXED-LENGTH DATA ELEMENTS--GENERAL INFORMATION
fixed length control field 260429s9999||||xx |||||||||||||| ||und||
020 ## - INTERNATIONAL STANDARD BOOK NUMBER
International Standard Book Number 9781041037200
041 ## - LANGUAGE CODE
Language English
082 ## - DEWEY DECIMAL CLASSIFICATION NUMBER
Classification number 613.71
Item number DAV
100 ## - MAIN ENTRY--PERSONAL NAME
Personal name Davison, R. C. Richard
245 #0 - TITLE STATEMENT
Title Sport and exercise physiology testing guidelines :
Remainder of title volume II - exercise and clinical testing /
Statement of responsibility, etc R. C. Richard Davison
250 ## - EDITION STATEMENT
Edition statement 5th ed.
260 ## - PUBLICATION, DISTRIBUTION, ETC. (IMPRINT)
Place of publication, distribution, etc London :
Name of publisher, distributor, etc Routledge,
Date of publication, distribution, etc 2025.
300 ## - PHYSICAL DESCRIPTION
Extent xvii, 324 p.; pbk
650 ## - SUBJECT ADDED ENTRY--TOPICAL TERM
Topical term or geographic name as entry element Exercise
650 ## - SUBJECT ADDED ENTRY--TOPICAL TERM
Topical term or geographic name as entry element Sport
650 ## - SUBJECT ADDED ENTRY--TOPICAL TERM
Topical term or geographic name as entry element Physiology
700 ## - ADDED ENTRY--PERSONAL NAME
Personal name Bottoms, Lindsay
700 ## - ADDED ENTRY--PERSONAL NAME
Personal name Hettinga, Florentina, Tew, Garry
700 ## - ADDED ENTRY--PERSONAL NAME
Personal name Hopker, James
700 ## - ADDED ENTRY--PERSONAL NAME
Personal name Price, Michael J.
700 ## - ADDED ENTRY--PERSONAL NAME
Personal name Smith, Paul M.
942 ## - ADDED ENTRY ELEMENTS (KOHA)
Koha item type Text Books
Holdings
Withdrawn status Lost status Damaged status Not for loan Collection code Home library Location Shelving location Date of Cataloging Source of acquisition Total Checkouts Full call number Barcode Date last seen Price effective from Koha item type
        Non-fiction CUTN Central Library CUTN Central Library Medicine, Technology & Management 29/04/2026 TBH Library Book Suppliers, Chennai - Invoice No. SINV00732 on 09-02-2026   613.71 DAV 57632 29/04/2026 29/04/2026 Text Books